Roxette songs - Sudden Death - Statistics

General Stats
  • This quiz has been taken 70 times
    66 since last reset
  • The average score is 7 of 10
Answers on the Grid
Answers color-coded by a green-red scale on the quiz's grid according to % correct below.
It Must Have Been Love
Listen To Your Heart
Spending My Time
Sleeping In My Car
The Look
Dangerous
Joyride
Fading Like A Flower
Dressed For Success
The Big L.
Like a Prayer
Bad Medicine
I'll Be There For You
Listen To Her Heart
Lady - Hear Me Tonight
Just Like An Angel
Disillusion
Johhny B.
It Must Had Been Love
Everlasting Love
 
Answer Stats
Answer % Correct
Joyride
76%
The Look
76%
Fading Like A Flower
68%
It Must Have Been Love
68%
Listen To Your Heart
65%
Spending My Time
65%
Dangerous
62%
Dressed For Success
59%
Sleeping In My Car
59%
The Big L.
53%
No matching quizzes found
Score Distribution
Percent of People with Each Score
Percentile by Number Answered
Your Score History
You have not taken this quiz since the last reset